Team building for school change : equipping teachers for new roles

Αποθηκεύτηκε σε:
Λεπτομέρειες βιβλιογραφικής εγγραφής
Κύριος συγγραφέας: Maeroff, Gene I.
Μορφή: Βιβλίο
Γλώσσα:English
Δημοσίευση: New York : Teachers College Press, 1993
Σειρά:Professional development and practice series
Θέματα:
Ετικέτες: Προσθήκη ετικέτας
Δεν υπάρχουν, Καταχωρήστε ετικέτα πρώτοι!

MARC

LEADER 00000nam a2200000 i 4500
001 1/88164
008 990805s1993 eng d
020 |a 0-8077-3267-2 
035 |l 10052469 
040 |a GR-MY-UA  |b gre  |e aacr 
041 0 |a eng 
082 0 |a 371.148 
100 1 |a Maeroff, Gene I. 
245 1 0 |a Team building for school change :  |b equipping teachers for new roles /  |c Gene I. Maeroff 
260 |a New York :   |b Teachers College Press,   |c 1993 
300 |a 171 p. 
490 1 |a Professional development and practice series 
650 0 0 |a Teaching teams  |z United States. 
650 0 0 |a Teachers  |z United States. 
650 0 0 |a Educational change  |z United States. 
830 0 |a Professional development and practice series 
852 |a INST  |b RHODES  |e 19990805  |h 371.148 MAE  |p 005400014455  |q 005400014455  |t BK  |y 0 
901 |a BIBL4-1999-2 
909 |a Ρ  |b 066606 
922 |a 4ΕΛΗ  |b 199907  |c ΚΠΣ/154  |d LEADER 
970 |z 1999/08/05  |a ΚΟΥΛΑΚΙΟΤΗ  |b ΛΙΤΣΑ